Who's who in space.

Bibliographic Details
Format: Journal
Language:English
Published: Washington : Space Publications.
Subjects:
Online Availability: Check for online availability

MARC

Tag First Indicator Second Indicator Subfields
LEADER 00000cas a2200000L 4500
001 in00000051267
005 20151007065937.0
008 750920c19679999dcuuu p h 0uuua0eng
010 |a  65028671  
022 |a 0083-9728 
035 |a (OCoLC)01641899 
035 |9 AAE3014AM 
040 |a DLC  |c MUL  |d TXA  |d UtOrBLW 
049 |a TXAE 
050 0 |a TL789.85.A1  |b W5 
245 0 0 |a Who's who in space. 
264 1 |a Washington :  |b Space Publications. 
300 |a  volumes ;  |c 26 cm. 
336 |a text  |b txt  |2 rdacontent 
337 |a unmediated  |b n  |2 rdamedia 
338 |a volume  |b nc  |2 rdacarrier 
362 0 |a 1st- ed.; 1966/67- 
650 0 |a Astronautics  |v Biography. 
999 |a MARS 
999 f f |s 3abef5d0-4311-3ad4-bb3e-0bf25399dac7  |i b24b9b3b-253d-3f8a-bffe-ef2d2fcaecf3  |t 0 
952 f f |p ric  |a Texas A&M University  |b Rellis Campus  |c Joint Library Facility  |d Remote Storage  |t 0  |e TL789.85.A1 W5  |h Library of Congress classification  |i unmediated -- volume  |k v.1  |l 1966-1967  |m A14829132091 
998 f f |a TL789.85.A1 W5  |s v.1 (1966/1967)  |t 0  |l Remote Storage